000 00504nam a2200193Ia 4500
005 20240613013542.0
008 240331s9999 xx 000 0 und d
020 _a9789559261599
082 _bTHI
_2WRI
_a200
100 _aThiruchandran, selvy
245 0 _aWriting Religion Locating Women
_cSelvy, Thiruchandran
260 _aColombo
_bSocial Scientist Association
_c2012
300 _axxi, 320 p .,
650 _aWomen
650 _aReligion
650 _aLaws
650 _aEconomic
942 _cL
999 _c5823
_d5823